Execuȯ̂ no processo do trabalho de acordo com o novo CPC e a reforma trabalhista /

Bibliographic Details
Main Author: Schiavi, Mauro
Format: eBook
Language:Portuguese
Published: San Pablo: LTR, 2018
Subjects:
Online Access:Acceso restringido

MARC

LEADER 00000nam a22000007a 4500
005 20190103122444.0
007 cr|||| ||||
008 190103s2018 br |||||s|||| 00||0 por d
020 |a 978-85-361-9659-6 
035 |a 22683 
040 |a vLex 
090 |c 8424  |d 8424 
100 1 |a Schiavi, Mauro 
245 1 0 |a Execuȯ̂ no processo do trabalho  |h [Recurso electrn̤ico] :  |b de acordo com o novo CPC e a reforma trabalhista /  |c Mauro Schiavi 
256 |a Servicio en ln̕ea 
260 |a San Pablo:  |b LTR,  |c 2018 
300 |a 1 recurso electrn̤ico 
506 1 |a Disponible solo en los productos indicados  |d vLex Global  |d vLex Global (Academic Edition, excluding Law Schools)  |d vLex Global (U.S. Academic Edition, Law Schools)  |d vLex Global (U.S. Academic Edition, excluding Law Schools)  |d vLex Global (Academic Edition, Law Schools) 
650 0 4 |a Derecho Laboral y Seguridad Social  |z Brasil 
740 0 |a vLex Libros (Servicio en ln̕ea) 
856 4 0 |u http://vlex.com/source/execu-o-processo-trabalho-acordo-novo-cpc-reforma-trabalhista-22683  |z Acceso restringido 
942 |c BOOK 
999 0 |a Labor law and social security